Catálogo
 En Linea

Una aproximación a las balanzas fiscales de las comunidades autónomas / (Registro nro. 22472)

Detalles MARC
000 -CABECERA
campo de control de longitud fija 00562nam a2200193 u 4500
001 - NÚMERO DE CONTROL
campo de control 000022975
005 - FECHA Y HORA DE LA ÚLTIMA TRANSACCIÓN
campo de control 20200930021915.0
008 - DATOS DE LONGITUD FIJA--INFORMACIÓN GENERAL
campo de control de longitud fija 101123s2003 sp a r 000 | spa d
020 ## - NÚMERO INTERNACIONAL ESTÁNDAR DEL LIBRO
Número Internacional Estándar del Libro 8495163764
082 ## - NÚMERO DE LA CLASIFICACIÓN DECIMAL DEWEY
Número de clasificación xxx
Número de documento/Ítem U766u
049 ## - FONDOS LOCALES (OCLC)
Fondos de biblioteca BNGR
040 ## - FUENTE DE LA CATALOGACIÓN
Centro catalogador/agencia de origen DO-SdBNP
100 1# - ENTRADA PRINCIPAL--NOMBRE DE PERSONA
Nombre de persona Uriel Jiménez, Ezequiel
9 (RLIN) 47247
245 14 - MENCIÓN DE TÍTULO
Título Una aproximación a las balanzas fiscales de las comunidades autónomas /
Mención de responsabilidad, etc. Ezequiel Uriel Jiménez.
260 ## - PUBLICACIÓN, DISTRIBUCIÓN, ETC.
Lugar de publicación, distribución, etc. Bilbao :
Nombre del editor, distribuidor, etc. Fundación BBVA,
Fecha de publicación, distribución, etc. 2003.
300 ## - DESCRIPCIÓN FÍSICA
Extensión 505 p. :
Otras características físicas il. ;
Dimensiones 24 cm.
490 ## - MENCIÓN DE SERIE
Mención de serie BBVA
830 #0 - PUNTO DE ACCESO ADICIONAL DE SERIE-TÍTULO UNIFORME
Título uniforme BBVA
9 (RLIN) 47232
Existencias
Estado de retiro Estado de pérdida Restricciones de uso No para préstamo Código de colección Localización permanente Ubicación/localización actual Ubicación en estantería Fecha de adquisición Número de inventario Total de préstamos Signatura topográfica completa Código de barras Fecha visto por última vez Precio válido a partir de Tipo de ítem Koha
      Excluido de préstamo Monografías: Libros y Folletos General General En catalogación 23.11.2010 LF1   xxx U766u 22975-10 25.06.2020 25.06.2020 No se presta

Con tecnología Koha